000 00912nam a2200253 a 4500
999 _c11531
_d11531
001 11531
003 BD-JhCC
005 20191031102929.0
008 180624b1957 bg |||| ||a| 000 0 ben d
035 _a(BD-JhCC)11531
040 _aBD-JhCC
_dBD-JhCC
041 _aben
082 _bMEY 1957
_a327.1720922
100 _aমেয়ার, এডিস প্যাটারসন
245 _aশান্তির স্বপক্ষে /
_cএডিস প্যাটারসন মেয়ার অনু: জিল্লুল করিম ।
260 _aঢাকা:
_bস্টূডেন্টওয়েজ;
_c১৯৫৭.
300 _a২৪২ পৃ. :
_c১৮ সেমি.
600 _aNobel, Alfred Bernhard,
_d1833-1896
650 _aNobel Prizes
650 _aPeace
700 _a করিম ,জিল্লুল
942 _2ddc
_cBK